000 00479nam a2200181Ia 4500
003 OSt
005 20191223142820.0
008 190216s9999||||xx |||||||||||||| ||und||
040 _coclc
082 _a336
_bTYA/P
100 _aTyagi, B P
_9671
245 0 _aPublic Finance /
_cB P Tyagi
250 _a14th ed.
260 _bJai Prakash Nath & Co,
_c1996.
_aMeerut:
300 _a984p
650 _aEconomics
942 _cBK
_2ddc
_h336
_iTYA/P
_k336
_mTYA/P
999 _c10002
_d10002